TEXT BOOK OF ORTHODONTICS (Record no. 2692)

MARC details
000 -LEADER
fixed length control field 00340nam a2200145Ia 4500
008 - FIXED-LENGTH DATA ELEMENTS--GENERAL INFORMATION
fixed length control field 150201s2001 xx 000 0 und d
082 ## - DEWEY DECIMAL CLASSIFICATION NUMBER
Classification number 617.64
Item number O2001R
100 ## - MAIN ENTRY--PERSONAL NAME
Personal name RANI,M.S.
245 ## - TITLE STATEMENT
Title TEXT BOOK OF ORTHODONTICS
250 ## - EDITION STATEMENT
Edition statement 3RD
260 ## - PUBLICATION, DISTRIBUTION, ETC. (IMPRINT)
Name of publisher, distributor, etc. AIPD
Place of publication, distribution, etc. CHENNAI
Date of publication, distribution, etc. 2001
300 ## - PHYSICAL DESCRIPTION
Extent 1-376
650 ## - SUBJECT ADDED ENTRY--TOPICAL TERM
Topical term or geographic name as entry element ORTHODONTICS
942 ## - ADDED ENTRY ELEMENTS (KOHA)
Source of classification or shelving scheme Dewey Decimal Classification
Koha item type Books
Koha issues (borrowed), all copies 14
Holdings
Withdrawn status Lost status Source of classification or shelving scheme Damaged status Not for loan Home library Current library Date acquired Source of acquisition Cost, normal purchase price Serial Enumeration / chronology SGTU Bill Number Total Checkouts Full call number Barcode Date last seen Date last checked out Bill Date Koha item type
    Dewey Decimal Classification     SGT Dental Library SGT Dental Library 13/07/2003 U.B.S.DELHI 325.00 1 SGTU 279 2 617.64 O2001R FD1015 05/05/2025 05/05/2025 10/02/2012 Books
    Dewey Decimal Classification     SGT Dental Library SGT Dental Library 25/11/2008 U.B.S.DELHI 375.00 1 SGTU 683 16 617.643 O2008R FD5582 12/03/2025 11/03/2025 12/02/2013 Books
    Dewey Decimal Classification     SGT Dental Library SGT Dental Library 25/11/2008 U.B.S.DELHI 375.00 1 SGTU 683 6 617.643 O2008R FD5583 11/10/2023 06/10/2023 12/02/2013 Books
    Dewey Decimal Classification     SGT Dental Library SGT Dental Library 25/11/2008 U.B.S.DELHI 375.00 1 SGTU 683 11 617.643 O2008R FD5584 04/10/2023 03/10/2023 12/02/2013 Books
    Dewey Decimal Classification     SGT Dental Library SGT Dental Library 25/11/2008 U.B.S.DELHI 375.00 1 SGTU 683   617.643 O2008R FD5585 09/02/2015   12/02/2013 Books
    Dewey Decimal Classification     SGT Dental Library SGT Dental Library 25/11/2008 U.B.S.DELHI 375.00 1 SGTU 683   617.643 O2008R FD5586 09/02/2015   12/02/2013 Books